000 00529nam a2200133Ia 4500
008 220216s9999 xx 000 0 und d
100 _aMatade Sharad
245 0 _aGrowing, braving challenges
260 _bRubber Asia
_c2013
300 _a88
520 _aThe auto rubber components industry in indias Mumbai- Pune belt, the main hub, is on the growth trackin spite of certain deterring factors such as unfriendly Government policies, growing labourcost and inadequate infrastructure support
650 _aRubber
942 _cJS
999 _c60110
_d60110